Влияние частичной прозрачности композитов на результаты активного теплового контроля; Дефектоскопия; № 11
| Parent link: | Дефектоскопия.— , 1965- № 11.— 2011.— [С. 5-10] |
|---|---|
| Hlavní autor: | |
| Další autoři: | |
| Shrnutí: | Заглавие с экрана Режим доступа: по договору с организацией-держателем ресурса |
| Jazyk: | ruština |
| Vydáno: |
2011
|
| Témata: | |
| On-line přístup: | http://elibrary.ru/item.asp?id=17307654 |
| Médium: | MixedMaterials Elektronický zdroj Kapitola |
| KOHA link: | https://koha.lib.tpu.ru/cgi-bin/koha/opac-detail.pl?biblionumber=637780 |
MARC
| LEADER | 00000naa0a2200000 4500 | ||
|---|---|---|---|
| 001 | 637780 | ||
| 005 | 20250123103853.0 | ||
| 035 | |a (RuTPU)RU\TPU\network\1948 | ||
| 035 | |a RU\TPU\network\1946 | ||
| 090 | |a 637780 | ||
| 100 | |a 20141017d2011 k||y0rusy50 ca | ||
| 101 | 0 | |a rus | |
| 102 | |a RU | ||
| 135 | |a drcn ---uucaa | ||
| 181 | 0 | |a i | |
| 182 | 0 | |a b | |
| 200 | 1 | |a Влияние частичной прозрачности композитов на результаты активного теплового контроля |f В. П. Вавилов, W. Swiderski | |
| 203 | |a Текст |c электронный | ||
| 300 | |a Заглавие с экрана | ||
| 333 | |a Режим доступа: по договору с организацией-держателем ресурса | ||
| 461 | |t Дефектоскопия |d 1965- | ||
| 463 | |t № 11 |v [С. 5-10] |d 2011 | ||
| 610 | 1 | |a электронный ресурс | |
| 610 | 1 | |a труды учёных ТПУ | |
| 700 | 1 | |a Вавилов |b В. П. |c специалист в области неразрушающего контроля |c профессор Томского политехнического университета, доктор технических наук |f 1949- |g Владимир Платонович |3 (RuTPU)RU\TPU\pers\19772 |9 7710 | |
| 701 | 1 | |a Swiderski |b W. | |
| 801 | 2 | |a RU |b 63413507 |c 20150318 |g RCR | |
| 856 | 4 | |u http://elibrary.ru/item.asp?id=17307654 | |
| 942 | |c CF | ||